| 000 | 00844cab a2200253 4500 | ||
|---|---|---|---|
| 001 | ABS48271 | ||
| 008 | 090401t1993 xxu||||| |||| 00| 0 eng d | ||
| 035 | _a(Sirsi) u65836 | ||
| 041 | _aeng | ||
| 245 | _aCannes opener : Europe | ||
| 260 | _c1993 | ||
| 350 | _a0 | ||
| 490 |
_aCSW - The Property Week _v42(10) 11 March 1993, 42-63(7) |
||
| 520 | _aSeries of articles looking at commercial property in Europe prompted by the fourth MIPIM conference in Cannes concentrating on Berlin, Paris and London and including a road test of Roissypole, an office development near Charles de Gaulle Airport Paris. | ||
| 650 | _aPROPERTY-COMMERCIAL PROPERTY | ||
| 650 | _aFRANCE | ||
| 650 | _aGERMANY | ||
| 650 | _aOCCUPIERS | ||
| 650 | _aOFFICES | ||
| 650 | _aROAD TEST | ||
| 690 | _aOVERSEAS-EUROPE | ||
| 942 | _n0 | ||
| 948 | _c04/03/1997 | ||
| 999 |
_c41109 _d41109 |
||